| 000 | 00717nam a2200217 a 4500 | ||
|---|---|---|---|
| 999 |
_c4567 _d4567 |
||
| 001 | 4567 | ||
| 003 | BD-JhCC | ||
| 005 | 20171128182656.0 | ||
| 008 | 171128s1980 bg a|||| ||a| 000 0 eng d | ||
| 035 | _a(BD-JhCC)4567 | ||
| 040 |
_aBD-JhCC _dBD-JhCC |
||
| 041 | _aeng | ||
| 082 |
_a297.1 _bULL 1980 |
||
| 100 | _aউল্লাহ, মুহাম্মদ আহ্সান | ||
| 245 |
_aখিলাফতের ইতিহাস / _cমুহাম্মদ আহ্সান উল্লাহ, |
||
| 260 |
_aঢাকা : _bইসলামিক ফাউণ্ডেশন বাংলাদেশ, _c1980. |
||
| 300 |
_a168 p. : _c20 cm. |
||
| 650 | _aCaliphate | ||
| 942 |
_2ddc _cBK |
||